Funkkolleg Kunst

Titel: Funkkolleg Kunst : eine Geschichte der Kunst im Wandel ihrer Funktionen / hrsg. von Werner Busch
Teil: 2
Beteiligt:
Ausgabe: Orig.-Ausg., 2. Aufl., 9. - 11. Tsd.
Veröffentlicht: München ˜[u.a.]œ : Piper, 1991
Umfang: VII S., S. 363 - 814 : Ill.
Format: Buch
Sprache: Deutsch
Schriftenreihe/
mehrbändiges Werk:
Funkkolleg Kunst / hrsg. von Werner Busch ; 2
alle Bände anzeigen
Serie Piper ; 736
RVK-Notation:
ISBN: 3492107362
Buchumschlag
X
Lokale Klassifikation: 1 9 A ; 1 9 L
alg: 2143562
001A    $00004:18-08-92 
001B    $01999:28-04-23 $t20:05:07.000 
001D    $09999:99-99-99 
001U    $0utf8 
001X    $00 
002@    $0Afuc 
003@    $0021435626 
003O    $0613005074 $aOCoLC 
004A    $03-492-10736-2 
007A    $0021435626 $aHEB 
007G    $0DE0048579B9CB7C28FAC3C12578D8006D7CEA 
009P    $qapplication/pdf $A2 $3Inhaltsverzeichnis $uhttp://scans.hebis.de/HEBCGI/show.pl?02143562_toc.pdf $mV:DE-603;B:DE-17 
010@    $ager 
011@    $a1991 
013H    $0z 
015@    $00 
028C    $BHrsg. $#Busch, Werner $#Busshu, Verunā $#Busch, W. $#Busch-Hofmeier-Merz, ... $7124554547 $8Busch, Werner$Z1944- [Tp1] $9126069212 
032@    $aOrig.-Ausg., 2. Aufl., 9. - 11. Tsd. 
033A    $pMünchen {[u.a.] $nPiper 
034D    $aVII S., S. 363 - 814 
034M    $aIll. 
036C    $aFunkkolleg Kunst $deine Geschichte der Kunst im Wandel ihrer Funktionen $x12 $hhrsg. von Werner Busch $l2 
036D    $x12 $8Funkkolleg Kunst : eine Geschichte der Kunst im Wandel ihrer Funktionen / hrsg. von Werner Busch $9009196153 
036E    $aSerie Piper $l736 
036F    $x3736 $8Piper $9005606330 $l736 
044N    $aGesamtkunstwerk 
045F    $a709.4 $eDDC23BSB 
045F/01 $a709 
045F/03 $g4 
045Z    $8LH 61280 [Tkv] $9409890448 
046M    $aLiteraturangaben 

lok: 2143562 8

exp: 2143562 8 1 #EPN
201B/01 $027-06-13 $t14:53:28.000 
201C/01 $011-03-13 
201U/01 $0utf8 
203@/01 $0669734357 
208@/01 $a11-03-13 $bz 
209A/01 $a/LH 61280 B977-2 $ds $f000 $x00 
209B/01 $aa137 $x05 
209C/01 $a1993/172 
209G/01 $a18588714 $x00 
209G/01 $a1. Obergeschoss $x01 
247C/01 $8611000-9 <17>Darmstadt, TU Darmstadt, Universitäts- und Landesbibliothek - Stadtmitte $9102595879 

lok: 2143562 24
101B    $021-02-13 $t15:47:15.000 
101C    $021-02-13 
101U    $0utf8 
145Z/01 $a1 9 A 
145Z/02 $a1 9 L 

exp: 2143562 24 1 #EPN
201B/01 $021-02-13 $t15:47:15.000 
201C/01 $021-02-13 
201U/01 $0utf8 
203@/01 $0664175910 
208@/01 $a21-02-13 $bz 
209A/01 $aBi/ 13.00876 $dd $f050 $h13 00876 $x00 
209C/01 $a13.00876 T $h13 00876 T 
209G/01 $a73188849 $x00 
209G/01 $aBildarchiv $x01 
247C/01 $8358050-7 Marburg, Bibliothek des Herder-Instituts Marburg $9102600961 

lok: 2143562 49
101B    $004-12-02 $t08:51:18.800 
101C    $025-07-00 
144Z/01 $aKunstsoziologie 
144Z/02 $aKunstgeschichte 
144Z/03 $aKunstkritik 
101U    $0utf8 

exp: 2143562 49 1 #EPN
201B/01 $019-09-23 $t17:37:39.000 
201C/01 $025-07-00 
201U/01 $0utf8 
203@/01 $014485967X 
208@/01 $a25-07-00 $br 
209A/01 $aG 50.1/9,2 $du $f001 $hG 50 10 009 / 002 $x00 
209C/01 $a1996/0774 
209G/01 $a00054844 $x00 
209G/01 $aFreihand $x01 
247C/01 $8653001-1 <1053/1>Mainz, Bibliothek der Hochschule Mainz, Obergeschoss $9111840406 

lok: 2143562 204

exp: 2143562 204 1 #EPN
201B/01 $024-09-19 $t15:58:57.000 
201C/01 $009-05-96 
201U/01 $0utf8 
203@/01 $0102135118 
208@/01 $a17-04-98 $bzb03 
209A/01 $a000 LH 61280 B977(2)-2 $du $f000 $x00 
209C/01 $a053 96/56 
209G/01 $a001670548160 $x00 
220B/01 $a(Daten)Umzug Kunstpädagogik, März 2017 
245S/01 $a13000 $x01 
247C/01 $8631000-x <26>Gießen, Universität Gießen, Universitätsbibliothek Gießen $9102596697 

lok: 2143562 205
101B    $003-08-95 $t08:19:14.284 
107F    $0044630042 
144Z/01 $aKunst 
101U    $0utf8 

exp: 2143562 205 1 #EPN
201B/01 $006-09-16 $t09:43:27.000 
201U/01 $0utf8 
203@/01 $0044630050 
208@/01 $a18-08-92 $bh 
209A/01 $a050 LH 61280 B977 -2 (2) +1 $dc $f000 $x00 
209A/01 $aLBS Kunst 175, Bd. 2, 2. Aufl., 1. Ex. $x08 
209B/01 $a20 $x05 
209C/01 $a1992/231-T $h1992 231 T 
209G/01 $a10145635 $x00 
209G/01 $aLehrbuchsammlung $x01 
247C/01 $8351000-1 <4>Marburg, Universität Marburg, Universitätsbibliothek $9102594767 

exp: 2143562 205 2 #EPN
201B/02 $006-09-16 $t09:43:27.000 
201U/02 $0utf8 
203@/02 $0044630069 
208@/02 $a18-08-92 $bh 
209A/02 $a050 LH 61280 B977 -2 (2) +2 $dc $f000 $x00 
209A/02 $aLBS Kunst 175, Bd. 2, 2. Aufl., 2. Ex. $x08 
209B/02 $a20 $x05 
209C/02 $a1992/231-T $h1992 231 T 
209G/02 $a10145643 $x00 
209G/02 $aLehrbuchsammlung $x01 
247C/02 $8351000-1 <4>Marburg, Universität Marburg, Universitätsbibliothek $9102594767 

exp: 2143562 205 3 #EPN
201B/03 $008-03-06 $t20:24:01.000 
203@/03 $0044698380 
208@/03 $a15-09-92 $bh 
209A/03 $aT 92/231, 2 $du $f000 $x00 
209G/03 $a24770680 $x00 
247C/03 $8351000-1 <4>Marburg, Universität Marburg, Universitätsbibliothek $9102594767 
201U/03 $0utf8
LEADER 00000cam a2200000 cc4500
001 021435626
003 DE-603
005 20230428200507.0
007 tu
008 920818s1991 xx |||| | u00||u|ger c
020 |a 3492107362 
035 |a (DE-599)HEB021435626 
035 |a (OCoLC)613005074 
040 |a DE-603  |b ger  |c DE-603  |d DE-603 
041 |a ger 
082 0 4 |8 1\u  |a 709.4  |q DE-101  |2 23/BSB 
084 |a LH 61280  |0 (DE-625)94222:  |0 (DE-603)409890448  |2 rvk 
085 |8 1\u  |b 709 
085 |8 1\u  |z 2  |s 4 
245 0 0 |a Funkkolleg Kunst  |b eine Geschichte der Kunst im Wandel ihrer Funktionen  |n 2  |c hrsg. von Werner Busch 
250 |a Orig.-Ausg., 2. Aufl., 9. - 11. Tsd. 
264 1 |a München ˜[u.a.]œ  |b Piper  |c 1991 
300 |a VII S., S. 363 - 814  |b Ill. 
490 1 |a Serie Piper  |v 736 
504 |a Literaturangaben 
700 1 |a Busch, Werner  |d 1944-  |e Hrsg.  |4 edt  |0 (DE-603)126069212  |0 (DE-588)124554547  |2 gnd 
773 0 8 |q 12  |w (DE-603)009196153 
830 0 |t Piper  |v 736  |w (DE-603)005606330  |w (DE-600)970675-6  |9 3736  |7 as 
856 4 2 |m V:DE-603;B:DE-17  |q application/pdf  |u http://scans.hebis.de/HEBCGI/show.pl?02143562_toc.pdf  |3 Inhaltsverzeichnis 
924 0 |9 17  |a (DE-603)669734357  |b DE-17  |c HES  |d b  |g /LH 61280 B977-2  |h 1. Obergeschoss 
924 0 |9 Mb 50  |a (DE-603)664175910  |b DE-Mb50  |c HES  |d d  |g Bi/ 13.00876  |h Bildarchiv 
924 0 |9 1053/1  |a (DE-603)14485967X  |b DE-1053-1  |c HES  |d c  |g G 50.1/9,2  |h Freihand 
924 0 |9 26  |a (DE-603)102135118  |b DE-26  |c HES  |d c  |g 000 LH 61280 B977(2)-2 
924 0 |9 4  |a (DE-603)044630050  |b DE-4  |c HES  |d b  |g 050 LH 61280 B977 -2 (2) +1  |h Lehrbuchsammlung 
924 0 |9 4  |a (DE-603)044630069  |b DE-4  |c HES  |d b  |g 050 LH 61280 B977 -2 (2) +2  |h Lehrbuchsammlung 
924 0 |9 4  |a (DE-603)044698380  |b DE-4  |c HES  |d c  |g T 92/231, 2